000 00630nam a2200205Ia 4500
008 140925s9999 xx 000 0 und d
020 _a1552-6909
100 _aLowe, Nancy K.
245 _aJournal of Obstetric, Gynecologic, & Neonatal Nursing /
_cNancy K. Lowe.
_h[electronic resource]
260 _bJohn Wiley & Sons, Inc.,
_cc2013.
516 _aElectronic text
650 _aGynecologic.
650 _aJournal.
650 _aNeonatal.
650 _aNursing.
830 _aJohn Wiley & Sons, Inc.
856 _uhttp://onlinelibrary.wiley.com/journal/10.1111/%28ISSN%291552-6909
942 _cEJ
999 _c275681
_d275681